Physical diagnosis / (Record no. 672176)

MARC details
000 -LEADER
fixed length control field 01038nam a2200325 a 4500
001 - CONTROL NUMBER
control field vtls000823052
003 - CONTROL NUMBER IDENTIFIER
control field NLI
005 - DATE AND TIME OF LATEST TRANSACTION
control field 20210627055935.0
008 - FIXED-LENGTH DATA ELEMENTS--GENERAL INFORMATION
fixed length control field 110331s1934 mdua 001 0 eng
039 #9 - LEVEL OF BIBLIOGRAPHIC CONTROL AND CODING DETAIL [OBSOLETE]
-- 201103312010
-- Datasoft
040 0# - CATALOGING SOURCE
Original cataloging agency NLI
Language of cataloging eng
Transcribing agency Retro_DSC 1
Description conventions AACR2
041 0# - LANGUAGE CODE
Language code of text/sound track or separate title eng
044 ## - COUNTRY OF PUBLISHING/PRODUCING ENTITY CODE
MARC country code mdu
082 04 - DEWEY DECIMAL CLASSIFICATION NUMBER
Classification number 616
100 1# - MAIN ENTRY--PERSONAL NAME
Personal name Cabot, Richard Clarke,
Dates associated with a name 1868-1939
9 (RLIN) 803943
245 10 - TITLE STATEMENT
Title Physical diagnosis /
Statement of responsibility, etc. by Richard Clarke Cabot
250 ## - EDITION STATEMENT
Edition statement 11th ed.
260 ## - PUBLICATION, DISTRIBUTION, ETC.
Place of publication, distribution, etc. Baltimore :
Name of publisher, distributor, etc. William Wood,
Date of publication, distribution, etc. c1934
300 ## - PHYSICAL DESCRIPTION
Extent xxiv, 540 p. :
Other physical details ill. ;
Dimensions 24 cm.
500 ## - GENERAL NOTE
General note First 11 ed. by R. C. Cabot; 12th-13th ed. by R.C. Cabot and F.D. Adams; 14th-15th ed. by F.D. Adams
500 ## - GENERAL NOTE
General note Includes index
650 #0 - SUBJECT ADDED ENTRY--TOPICAL TERM
Topical term or geographic name entry element Diagnosis
650 #0 - SUBJECT ADDED ENTRY--TOPICAL TERM
Topical term or geographic name entry element Chest
General subdivision Diseases
-- Diagnosis
9 (RLIN) 803944
710 2# - ADDED ENTRY--CORPORATE NAME
Corporate name or jurisdiction name as entry element Barid Baran Collection (National Library, India)
9 (RLIN) 756466
887 ## - NON-MARC INFORMATION FIELD
Content of non-MARC field
901 ## - LOCAL DATA ELEMENT A, LDA (RLIN)
a BC394
b 21.8.1957
902 ## - LOCAL DATA ELEMENT B, LDB (RLIN)
a B.C 616 C 112
949 ## - LOCAL PROCESSING INFORMATION (OCLC)
-- VIRTUAITEM
-- 10000
-- 100
6 GBC000000394ENG
942 ## - ADDED ENTRY ELEMENTS (KOHA)
Source of classification or shelving scheme Dewey Decimal Classification
Koha item type Books
Holdings
Withdrawn status Lost status Damaged status Not for loan Collection code Home library Current library Shelving location Date acquired Total Checkouts Full call number Barcode Date last seen Price effective from Koha item type
        BaridBaranSen Collection National Library of India National Library of India Barid Baran Sen Collection - Main Stack Division     B.C 616 C 112 GBC000000394ENG 27/06/2021 27/06/2021 Books
                                                                           
web counter

Copyright ©2020 The National Library of India, Govt. of India ↔ Hosted by NVLI, MOC ↔ Technology and Design by National Library of India, Ministry of Culture, Govt. of India